00775nam a2200229 i 4500001001000000003000900010005001700019007000300036008004100039040003000080082001400110100005200124245011000176250001800286264004800304300004000352336002700392337003300419338002800452504002500480700004000505000034941DO-SdBNP20240307183815.0ta100115s1980 dr a 001 0 spa d aDO-SdBNPbspacBNPHUerda bM433o2221 a Matos G., Ramiro‏q(Matos González)d1927-13aOrigen y evolución del escudo dominicano /cRamiro Matos González ; introducción José Miguel Soto a2a. edición 1aSanto Domingo :bMilvio y Asociados,c1980. a46 páginasbilustracionesc20 cm. 2rdacontentatextobtxt 2rdamediaasin mediaciónbn 2rdacarrieravolumenbnc aBibliografía p: 461 aSoto, José Migueleintroducción